[Event "DEM U10w 2022"]
[Site "Willingen GER"]
[Date "2022.06.10"]
[Round "9"]
[White "Klymenko, Mariia"]
[Black "Tu, Audrey"]
[Result "0-1"]
[Termination "normal"]
[Board "7"]
[WhiteElo "871"]
[BlackElo "1108"]
[WhiteClock "00:25:53"]
[BlackClock "00:21:39"]
[PlyCount "72"]
[WhiteFideId "34620621"]
[BlackFideId "34628568"]
[EventCountry "GER"]
[EventRounds "11"]
[EventType "swiss"]
[EventDate "2022.06.04"]

1. e4 {[%clk 01:15:21]} {[%emt 00:00:37]} e5 {[%clk 01:15:56]} {[%emt
00:00:05]} 2. Nf3 {[%clk 01:15:42]} {[%emt 00:00:09]} Nc6 {[%clk 01:16:20]}
{[%emt 00:00:06]} 3. Nc3 {[%clk 01:16:03]} {[%emt 00:00:08]} Nf6 {[%clk
01:16:16]} {[%emt 00:00:36]} 4. Bc4 {[%clk 01:16:07]} {[%emt 00:00:24]} Bc5
{[%clk 01:16:18]} {[%emt 00:00:30]} 5. O-O {[%clk 01:16:07]} {[%emt 00:00:29]}
d6 {[%clk 01:16:17]} {[%emt 00:00:32]} 6. h3 {[%clk 01:16:21]} {[%emt
00:00:12]} Be6 {[%clk 01:15:57]} {[%emt 00:00:53]} 7. Bb3 {[%clk 01:16:06]}
{[%emt 00:00:36]} Qd7 {[%clk 01:15:27]} {[%emt 00:01:09]} 8. d3 {[%clk
01:14:25]} {[%emt 00:02:10]} h6 {[%clk 01:15:07]} {[%emt 00:00:51]} 9. Be3
{[%clk 01:14:32]} {[%emt 00:00:19]} Bb6 {[%clk 01:15:16]} {[%emt 00:00:25]} 10.
Bxb6 {[%clk 01:10:47]} {[%emt 00:04:15]} axb6 {[%clk 01:14:37]} {[%emt
00:01:11]} 11. Re1 {[%clk 01:09:51]} {[%emt 00:01:20]} g5 {[%clk 01:10:48]}
{[%emt 00:04:23]} 12. Nh2 {[%clk 01:07:37]} {[%emt 00:02:42]} h5 {[%clk
01:07:59]} {[%emt 00:03:22]} 13. Qd2 {[%clk 01:06:20]} {[%emt 00:01:41]} Rg8
{[%clk 01:04:19]} {[%emt 00:04:16]} 14. Bd5 {[%clk 00:59:01]} {[%emt 00:07:47]}
O-O-O {[%clk 00:57:58]} {[%emt 00:06:53]} 15. Bxe6 {[%clk 00:53:59]} {[%emt
00:05:29]} Qxe6 {[%clk 00:57:07]} {[%emt 00:01:22]} 16. Reb1 {[%clk 00:52:32]}
{[%emt 00:01:50]} Rg6 {[%clk 00:53:51]} {[%emt 00:03:55]} 17. b4 {[%clk
00:50:31]} {[%emt 00:02:31]} g4 {[%emt 00:03:33]} 18. h4 {[%clk 00:49:29]}
{[%emt 00:00:25]} g3 {[%clk 00:49:59]} {[%emt 00:02:26]} 19. fxg3 {[%clk
00:49:37]} {[%emt 00:00:21]} Rxg3 {[%clk 00:48:59]} {[%emt 00:01:31]} 20. a4
{[%clk 00:48:27]} {[%emt 00:01:39]} Rdg8 {[%clk 00:47:26]} {[%emt 00:02:04]}
21. Kh1 {[%clk 00:46:17]} {[%emt 00:02:36]} Nh7 {[%clk 00:39:26]} {[%emt
00:08:33]} 22. Nd5 {[%clk 00:43:57]} {[%emt 00:02:44]} Qg6 {[%clk 00:36:29]}
{[%emt 00:03:33]} 23. Rg1 {[%clk 00:43:26]} {[%emt 00:00:59]} Kd7 {[%clk
00:33:10]} {[%emt 00:03:51]} 24. c3 {[%clk 00:39:25]} {[%emt 00:04:30]} Ne7
{[%clk 00:28:05]} {[%emt 00:05:36]} 25. Nxe7 {[%clk 00:38:19]} {[%emt
00:01:33]} Kxe7 {[%clk 00:28:18]} {[%emt 00:00:21]} 26. a5 {[%clk 00:37:03]}
{[%emt 00:01:45]} bxa5 {[%clk 00:25:07]} {[%emt 00:03:42]} 27. Rxa5 {[%clk
00:37:11]} {[%emt 00:00:22]} b6 {[%clk 00:24:34]} {[%emt 00:01:03]} 28. Ra7
{[%clk 00:36:59]} {[%emt 00:00:35]} Kd7 {[%clk 00:24:49]} {[%emt 00:00:21]} 29.
b5 {[%clk 00:36:53]} {[%emt 00:00:34]} Nf6 {[%clk 00:23:38]} {[%emt 00:01:44]}
30. Nf3 {[%clk 00:36:00]} {[%emt 00:01:15]} Rxf3 {[%clk 00:23:42]} {[%emt
00:00:33]} 31. Raa1 {[%clk 00:33:46]} {[%emt 00:02:38]} Rg3 {[%clk 00:22:51]}
{[%emt 00:01:27]} 32. Raf1 {[%clk 00:33:31]} {[%emt 00:00:35]} Qg4 {[%clk
00:22:18]} {[%emt 00:01:13]} 33. Rf4 {[%clk 00:28:40]} {[%emt 00:05:14]} exf4
{[%clk 00:22:13]} {[%emt 00:00:42]} 34. Rf1 {[%clk 00:28:36]} {[%emt 00:00:33]}
Rxg2 {[%clk 00:21:24]} {[%emt 00:01:20]} 35. Qxf4 {[%clk 00:26:32]} {[%emt
00:02:31]} Qh3+ {[%clk 00:21:14]} {[%emt 00:00:44]} 36. Qh2 {[%clk 00:25:53]}
{[%emt 00:01:06]} Qxh2# {[%clk 00:21:39]} {[%emt 00:00:07]} 0-1

[Event "DEM U10w 2022"]
[Site "Willingen GER"]
[Date "2022.06.10"]
[Round "9"]
[White "Berger, Jennifer"]
[Black "Dominick, Johanna"]
[Result "0-1"]
[Termination "normal"]
[Board "9"]
[WhiteElo "1046"]
[BlackElo "1431"]
[WhiteClock "00:58:21"]
[BlackClock "01:15:20"]
[PlyCount "68"]
[WhiteFideId "34630074"]
[BlackFideId "16296532"]
[EventCountry "GER"]
[EventRounds "11"]
[EventType "swiss"]
[EventDate "2022.06.04"]

1. e4 {[%clk 01:15:51]} {[%emt 00:00:08]} e5 {[%clk 01:15:58]} {[%emt
00:00:02]} 2. Nf3 {[%clk 01:16:11]} {[%emt 00:00:09]} Nc6 {[%clk 01:16:23]}
{[%emt 00:00:05]} 3. d4 {[%clk 01:16:34]} {[%emt 00:00:09]} exd4 {[%clk
01:16:47]} {[%emt 00:00:06]} 4. Nxd4 {[%clk 01:16:55]} {[%emt 00:00:07]} Qh4
{[%clk 01:17:11]} {[%emt 00:00:05]} 5. Nc3 {[%clk 01:17:02]} {[%emt 00:00:25]}
Bb4 {[%clk 01:17:34]} {[%emt 00:00:07]} 6. Qd3 {[%clk 01:17:07]} {[%emt
00:00:25]} Nf6 {[%clk 01:17:53]} {[%emt 00:00:10]} 7. Nxc6 {[%clk 01:14:59]}
{[%emt 00:02:38]} dxc6 {[%clk 01:17:21]} {[%emt 00:01:04]} 8. e5 {[%clk
01:14:54]} {[%emt 00:00:32]} Ng4 {[%clk 01:16:17]} {[%emt 00:01:30]} 9. g3
{[%clk 01:15:10]} {[%emt 00:00:19]} Qe7 {[%clk 01:15:51]} {[%emt 00:00:27]} 10.
Qe4 {[%clk 01:14:30]} {[%emt 00:01:39]} Bxc3+ {[%clk 01:14:44]} {[%emt
00:01:38]} 11. bxc3 {[%clk 01:14:12]} {[%emt 00:00:47]} Qxe5 {[%clk 01:15:03]}
{[%emt 00:00:10]} 12. Qxe5+ {[%clk 01:14:04]} {[%emt 00:00:37]} Nxe5 {[%clk
01:15:31]} {[%emt 00:00:06]} 13. Bf4 {[%clk 01:13:52]} {[%emt 00:00:31]} Nf3+
{[%clk 01:14:54]} {[%emt 00:01:14]} 14. Ke2 {[%clk 01:12:20]} {[%emt 00:02:05]}
g5 {[%clk 01:12:47]} {[%emt 00:02:34]} 15. Bxc7 {[%clk 01:10:27]} {[%emt
00:02:24]} Kd7 {[%clk 01:13:11]} {[%emt 00:00:06]} 16. Rd1+ {[%clk 01:09:46]}
{[%emt 00:01:04]} Kxc7 {[%clk 01:13:36]} {[%emt 00:00:14]} 17. Kxf3 {[%clk
01:10:01]} {[%emt 00:00:14]} Be6 {[%clk 01:13:51]} {[%emt 00:00:14]} 18. h4
{[%clk 01:10:14]} {[%emt 00:00:19]} Bd5+ {[%clk 01:14:13]} {[%emt 00:00:08]}
19. Kg4 {[%clk 01:10:06]} {[%emt 00:00:37]} Bxh1 {[%clk 01:14:37]} {[%emt
00:00:07]} 20. f3 {[%clk 01:10:11]} {[%emt 00:00:25]} gxh4 {[%clk 01:14:51]}
{[%emt 00:00:16]} 21. gxh4 {[%clk 01:10:20]} {[%emt 00:00:19]} Rhg8+ {[%clk
01:15:07]} {[%emt 00:00:12]} 22. Kf4 {[%clk 01:10:37]} {[%emt 00:00:16]} Bg2
{[%clk 01:15:04]} {[%emt 00:00:33]} 23. Bc4 {[%clk 01:10:41]} {[%emt 00:00:26]}
Rad8 {[%clk 01:14:47]} {[%emt 00:00:44]} 24. Re1 {[%clk 01:09:39]} {[%emt
00:01:33]} Rge8 {[%clk 01:13:48]} {[%emt 00:01:32]} 25. Rg1 {[%clk 01:09:18]}
{[%emt 00:00:52]} Bh3 {[%clk 01:13:00]} {[%emt 00:01:15]} 26. Bxf7 {[%clk
01:01:32]} {[%emt 00:08:17]} Rf8 {[%clk 01:13:16]} {[%emt 00:00:13]} 27. Rg7
{[%clk 01:01:42]} {[%emt 00:00:21]} Be6 {[%clk 01:13:28]} {[%emt 00:00:15]} 28.
Ke5 {[%clk 01:00:32]} {[%emt 00:01:43]} Rxf7 {[%clk 01:13:50]} {[%emt
00:00:09]} 29. Rg3 {[%clk 01:00:10]} {[%emt 00:00:45]} Bxa2 {[%clk 01:13:58]}
{[%emt 00:00:29]} 30. h5 {[%clk 00:58:40]} {[%emt 00:02:00]} Rd5+ {[%clk
01:14:21]} {[%emt 00:00:07]} 31. Ke4 {[%clk 00:58:39]} {[%emt 00:00:31]} Rxh5
{[%clk 01:14:43]} {[%emt 00:00:07]} 32. f4 {[%clk 00:58:49]} {[%emt 00:00:20]}
Rh4 {[%clk 01:15:03]} {[%emt 00:00:09]} 33. Ke5 {[%clk 00:58:57]} {[%emt
00:00:24]} Rhxf4 {[%clk 01:15:20]} {[%emt 00:00:12]} 34. Rd3 {[%clk 00:58:21]}
{[%emt 00:00:54]} R7f5# {[%emt 00:00:24]} 0-1

[Event "DEM U10w 2022"]
[Site "Willingen GER"]
[Date "2022.06.10"]
[Round "9"]
[White "Burchardi, Helena"]
[Black "Weyerer, Elea"]
[Result "0-1"]
[Termination "normal"]
[Board "10"]
[WhiteElo "802"]
[BlackElo "876"]
[WhiteClock "01:02:53"]
[BlackClock "00:51:29"]
[PlyCount "118"]
[WhiteFideId "34636374"]
[BlackFideId "34605770"]
[EventCountry "GER"]
[EventRounds "11"]
[EventType "swiss"]
[EventDate "2022.06.04"]

1. e4 {[%clk 01:15:58]} {[%emt 00:00:01]} e6 {[%clk 01:15:54]} {[%emt
00:00:07]} 2. d4 {[%clk 01:16:18]} {[%emt 00:00:09]} d5 {[%clk 01:16:15]}
{[%emt 00:00:09]} 3. exd5 {[%clk 01:16:38]} {[%emt 00:00:10]} exd5 {[%clk
01:16:36]} {[%emt 00:00:10]} 4. c4 {[%clk 01:16:55]} {[%emt 00:00:13]} c6
{[%clk 01:16:54]} {[%emt 00:00:11]} 5. Nc3 {[%clk 01:16:53]} {[%emt 00:00:32]}
Nf6 {[%clk 01:16:54]} {[%emt 00:00:29]} 6. Bd3 {[%clk 01:17:05]} {[%emt
00:00:16]} Be6 {[%clk 01:16:02]} {[%emt 00:01:25]} 7. Qe2 {[%clk 01:16:01]}
{[%emt 00:01:34]} Be7 {[%clk 01:14:32]} {[%emt 00:02:01]} 8. Nf3 {[%clk
01:12:40]} {[%emt 00:03:49]} O-O {[%clk 01:12:40]} {[%emt 00:02:24]} 9. O-O
{[%clk 01:12:36]} {[%emt 00:00:33]} Re8 {[%clk 01:10:27]} {[%emt 00:02:43]} 10.
Bg5 {[%clk 01:11:20]} {[%emt 00:01:44]} Nbd7 {[%clk 01:10:08]} {[%emt
00:00:51]} 11. c5 {[%clk 01:10:12]} {[%emt 00:01:36]} Bg4 {[%clk 01:08:32]}
{[%emt 00:02:08]} 12. h3 {[%clk 01:09:50]} {[%emt 00:00:51]} Bxc5 {[%clk
01:04:29]} {[%emt 00:04:35]} 13. Qd1 {[%clk 01:09:00]} {[%emt 00:01:14]} Bxf3
{[%clk 01:03:51]} {[%emt 00:01:14]} 14. Bxf6 {[%clk 01:08:03]} {[%emt
00:01:25]} Qxf6 {[%clk 01:03:13]} {[%emt 00:01:09]} 15. Qxf3 {[%clk 01:08:12]}
{[%emt 00:00:21]} Qxf3 {[%clk 01:03:20]} {[%emt 00:00:23]} 16. gxf3 {[%clk
01:08:32]} {[%emt 00:00:10]} Bxd4 {[%clk 01:03:10]} {[%emt 00:00:40]} 17. Kh1
{[%clk 01:08:39]} {[%emt 00:00:21]} Bxc3 {[%clk 01:02:30]} {[%emt 00:01:12]}
18. bxc3 {[%clk 01:08:59]} {[%emt 00:00:10]} Ne5 {[%clk 01:01:22]} {[%emt
00:01:38]} 19. Be2 {[%clk 01:08:50]} {[%emt 00:00:29]} Re6 {[%clk 01:00:26]}
{[%emt 00:01:33]} 20. Rad1 {[%clk 01:07:58]} {[%emt 00:01:16]} Rae8 {[%clk
00:59:13]} {[%emt 00:01:52]} 21. Rd2 {[%clk 01:07:07]} {[%emt 00:01:21]} Ng6
{[%clk 00:56:21]} {[%emt 00:03:22]} 22. Bd1 {[%clk 01:06:41]} {[%emt 00:00:48]}
Re1 {[%clk 00:55:53]} {[%emt 00:01:05]} 23. Rxe1 {[%clk 01:06:59]} {[%emt
00:00:13]} Rxe1+ {[%clk 00:56:17]} {[%emt 00:00:06]} 24. Kh2 {[%clk 01:04:39]}
{[%emt 00:00:17]} Re5 {[%clk 00:54:32]} {[%emt 00:04:48]} 25. Rd4 {[%clk
01:03:31]} {[%emt 00:01:32]} c5 {[%clk 00:53:32]} {[%emt 00:01:36]} 26. Ra4
{[%clk 01:03:29]} {[%emt 00:00:21]} a6 {[%clk 00:53:00]} {[%emt 00:01:13]} 27.
Kg3 {[%clk 01:03:15]} {[%emt 00:00:40]} Rg5+ {[%clk 00:51:21]} {[%emt
00:02:13]} 28. Rg4 {[%clk 01:02:22]} {[%emt 00:01:23]} Rxg4+ {[%clk 00:50:55]}
{[%emt 00:00:57]} 29. Kxg4 {[%clk 01:02:35]} {[%emt 00:00:16]} Kf8 {[%clk
00:50:55]} {[%emt 00:00:29]} 30. Bc2 {[%clk 01:02:32]} {[%emt 00:00:34]} Ke7
{[%clk 00:49:01]} {[%emt 00:02:24]} 31. Bxg6 {[%clk 01:02:17]} {[%emt
00:00:45]} fxg6 {[%clk 00:49:02]} {[%emt 00:00:29]} 32. Kf4 {[%clk 01:02:23]}
{[%emt 00:00:22]} Ke6 {[%clk 00:49:02]} {[%emt 00:00:30]} 33. Ke3 {[%clk
01:02:37]} {[%emt 00:00:17]} Ke5 {[%clk 00:48:54]} {[%emt 00:00:39]} 34. f4+
{[%clk 01:02:50]} {[%emt 00:00:17]} Kd6 {[%clk 00:48:52]} {[%emt 00:00:31]} 35.
Kd3 {[%clk 00:59:25]} {[%emt 00:03:55]} b5 {[%clk 00:48:48]} {[%emt 00:00:35]}
36. Kc2 {[%clk 00:59:37]} {[%emt 00:00:15]} Ke6 {[%clk 00:47:55]} {[%emt
00:01:25]} 37. Kd3 {[%clk 00:59:36]} {[%emt 00:00:29]} Kf5 {[%clk 00:47:51]}
{[%emt 00:00:37]} 38. Ke3 {[%clk 00:59:56]} {[%emt 00:00:10]} g5 {[%clk
00:47:55]} {[%emt 00:00:25]} 39. fxg5 {[%clk 01:00:12]} {[%emt 00:00:14]} Kxg5
{[%clk 00:48:15]} {[%emt 00:00:12]} 40. Kf3 {[%clk 01:00:13]} {[%emt 00:00:13]}
Kh4 {[%clk 00:48:01]} {[%emt 00:00:59]} 41. Kg2 {[%clk 00:59:27]} {[%emt
00:01:16]} a5 {[%clk 00:47:30]} {[%emt 00:01:01]} 42. Kf3 {[%clk 00:58:53]}
{[%emt 00:01:04]} g5 {[%clk 00:47:28]} {[%emt 00:00:31]} 43. Kg2 {[%clk
00:58:31]} {[%emt 00:00:51]} b4 {[%clk 00:47:44]} {[%emt 00:00:17]} 44. cxb4
{[%clk 00:58:49]} {[%emt 00:00:09]} axb4 {[%clk 00:47:56]} {[%emt 00:00:20]}
45. Kf1 {[%clk 00:59:03]} {[%emt 00:00:16]} c4 {[%clk 00:48:12]} {[%emt
00:00:14]} 46. Ke2 {[%clk 00:59:18]} {[%emt 00:00:15]} d4 {[%clk 00:48:15]}
{[%emt 00:00:27]} 47. Kd2 {[%clk 00:59:39]} {[%emt 00:00:09]} Kxh3 {[%clk
00:48:33]} {[%emt 00:00:13]} 48. Kc2 {[%clk 00:59:55]} {[%emt 00:00:14]} h5
{[%clk 00:48:49]} {[%emt 00:00:14]} 49. Kd2 {[%clk 01:00:18]} {[%emt 00:00:07]}
Kg2 {[%clk 00:48:57]} {[%emt 00:00:21]} 50. Ke2 {[%clk 01:00:37]} {[%emt
00:00:09]} h4 {[%clk 00:49:20]} {[%emt 00:00:10]} 51. f3 {[%clk 01:00:58]}
{[%emt 00:00:06]} h3 {[%clk 00:49:26]} {[%emt 00:00:26]} 52. f4 {[%clk
01:00:55]} {[%emt 00:00:33]} gxf4 {[%clk 00:49:47]} {[%emt 00:00:10]} 53. Ke1
{[%clk 01:00:55]} {[%emt 00:00:30]} h2 {[%clk 00:50:06]} {[%emt 00:00:10]} 54.
Ke2 {[%clk 01:01:18]} {[%emt 00:00:07]} h1=Q {[%clk 00:50:22]} {[%emt
00:00:14]} 55. a4 {[%clk 01:01:33]} {[%emt 00:00:13]} Qf1+ {[%clk 00:50:32]}
{[%emt 00:00:22]} 56. Kd2 {[%clk 01:01:54]} {[%emt 00:00:09]} b3 {[%clk
00:50:29]} {[%emt 00:00:33]} 57. a5 {[%clk 01:02:06]} {[%emt 00:00:18]} b2
{[%clk 00:50:47]} {[%emt 00:00:12]} 58. a6 {[%clk 01:02:28]} {[%emt 00:00:08]}
b1=Q {[%clk 00:51:06]} {[%emt 00:00:11]} 59. a7 {[%clk 01:02:53]} {[%emt
00:00:05]} Qbd3# {[%clk 00:51:29]} {[%emt 00:00:07]} 0-1

[Event "DEM U10w 2022"]
[Site "Willingen GER"]
[Date "2022.06.10"]
[Round "9"]
[White "Malagatte, Samiksha"]
[Black "Marrufo, Adriana"]
[Result "1-0"]
[Termination "normal"]
[Board "12"]
[WhiteElo "1056"]
[BlackElo "927"]
[WhiteClock "00:32:14"]
[BlackClock "00:41:07"]
[PlyCount "65"]
[WhiteFideId "34633790"]
[BlackFideId "34630252"]
[EventCountry "GER"]
[EventRounds "11"]
[EventType "swiss"]
[EventDate "2022.06.04"]

1. e4 {[%clk 01:15:59]} {[%emt 00:00:01]} e6 {[%clk 01:15:49]} {[%emt
00:00:11]} 2. d4 {[%clk 01:16:21]} {[%emt 00:00:08]} d5 {[%clk 01:16:03]}
{[%emt 00:00:16]} 3. exd5 {[%clk 01:16:36]} {[%emt 00:00:11]} exd5 {[%clk
01:16:14]} {[%emt 00:00:22]} 4. Nf3 {[%clk 01:16:57]} {[%emt 00:00:10]} Bg4
{[%clk 01:16:20]} {[%emt 00:00:22]} 5. h3 {[%clk 01:16:40]} {[%emt 00:00:48]}
Bh5 {[%clk 01:16:35]} {[%emt 00:00:15]} 6. Be2 {[%clk 01:16:43]} {[%emt
00:00:27]} Nc6 {[%clk 01:16:46]} {[%emt 00:00:19]} 7. O-O {[%clk 01:16:22]}
{[%emt 00:00:51]} Qd7 {[%clk 01:16:30]} {[%emt 00:00:45]} 8. Nh4 {[%clk
01:13:55]} {[%emt 00:02:56]} Bxe2 {[%clk 01:12:04]} {[%emt 00:04:58]} 9. Qxe2+
{[%clk 01:14:00]} {[%emt 00:00:24]} Qe7 {[%clk 01:11:59]} {[%emt 00:00:35]} 10.
Qxe7+ {[%clk 01:13:24]} {[%emt 00:01:04]} Bxe7 {[%clk 01:12:09]} {[%emt
00:00:22]} 11. Nf5 {[%clk 01:12:28]} {[%emt 00:01:26]} O-O-O {[%clk 01:09:55]}
{[%emt 00:02:44]} 12. Be3 {[%clk 01:08:49]} {[%emt 00:04:05]} g6 {[%clk
01:06:54]} {[%emt 00:03:35]} 13. Nxe7+ {[%clk 01:06:17]} {[%emt 00:03:00]}
Ngxe7 {[%clk 01:06:42]} {[%emt 00:00:44]} 14. c3 {[%clk 01:05:09]} {[%emt
00:01:37]} Rde8 {[%clk 01:05:11]} {[%emt 00:02:03]} 15. Nd2 {[%clk 01:02:37]}
{[%emt 00:03:01]} h5 {[%clk 01:05:12]} {[%emt 00:00:30]} 16. Nf3 {[%clk
00:59:29]} {[%emt 00:03:39]} f6 {[%clk 01:04:24]} {[%emt 00:01:16]} 17. b4
{[%clk 00:56:05]} {[%emt 00:03:55]} b5 {[%clk 01:04:25]} {[%emt 00:00:29]} 18.
a4 {[%clk 00:54:33]} {[%emt 00:02:03]} a6 {[%clk 01:03:49]} {[%emt 00:01:05]}
19. axb5 {[%clk 00:54:01]} {[%emt 00:01:01]} axb5 {[%clk 01:04:00]} {[%emt
00:00:19]} 20. Ra8+ {[%clk 00:53:07]} {[%emt 00:01:25]} Nb8 {[%clk 01:03:04]}
{[%emt 00:01:26]} 21. Rfa1 {[%clk 00:50:09]} {[%emt 00:03:26]} Rh7 {[%clk
01:02:44]} {[%emt 00:00:51]} 22. R1a5 {[%clk 00:47:19]} {[%emt 00:03:18]} Nec6
{[%clk 01:01:43]} {[%emt 00:01:33]} 23. Rxb5 {[%clk 00:45:15]} {[%emt
00:02:34]} Reh8 {[%clk 01:01:40]} {[%emt 00:00:34]} 24. Rxd5 {[%clk 00:43:19]}
{[%emt 00:02:25]} g5 {[%clk 00:58:08]} {[%emt 00:04:03]} 25. h4 {[%clk
00:39:03]} {[%emt 00:04:47]} g4 {[%clk 00:51:49]} {[%emt 00:06:47]} 26. Nd2
{[%clk 00:37:51]} {[%emt 00:01:40]} Rf8 {[%clk 00:48:36]} {[%emt 00:03:33]} 27.
Rb5 {[%clk 00:36:27]} {[%emt 00:02:05]} f5 {[%clk 00:47:11]} {[%emt 00:01:56]}
28. Bf4 {[%clk 00:35:31]} {[%emt 00:01:27]} Re7 {[%clk 00:45:36]} {[%emt
00:02:03]} 29. d5 {[%clk 00:32:40]} {[%emt 00:03:23]} Re1+ {[%clk 00:44:53]}
{[%emt 00:01:12]} 30. Nf1 {[%clk 00:32:36]} {[%emt 00:00:35]} Ree8 {[%clk
00:42:22]} {[%emt 00:03:00]} 31. dxc6 {[%clk 00:32:43]} {[%emt 00:00:22]} Kd8
{[%clk 00:41:12]} {[%emt 00:01:41]} 32. Bg5+ {[%clk 00:32:14]} {[%emt
00:01:00]} Kc8 {[%clk 00:41:07]} {[%emt 00:00:35]} 33. Rbxb8# {[%emt 00:00:35]}
1-0

[Event "DEM U10w 2022"]
[Site "Willingen GER"]
[Date "2022.06.10"]
[Round "9"]
[White "Weißleder, Emia"]
[Black "Döscher, Nayla"]
[Result "1-0"]
[Termination "normal"]
[Board "13"]
[WhiteElo "983"]
[BlackElo "908"]
[PlyCount "41"]
[WhiteFideId "34682627"]
[BlackFideId "34625046"]
[EventCountry "GER"]
[EventRounds "11"]
[EventType "swiss"]
[EventDate "2022.06.04"]

{[%evp 0,41,16,5,18,24,13,15,72,79,78,38,70,-5,2,2,9,14,218,-42,-42,-34,-34,
-71,-71,-54,-72,-39,-45,-59,-52,-127,-128,-272,-249,-218,-233,-393,-431,-777,
-589,-772,29999,-30000]} 1. e4 e5 2. Nf3 Nc6 3. Bc4 f5 4. d3 Bc5 5. exf5 d6 6.
Be6 Bxe6 7. fxe6 h6 8. Nc3 Qf6 9. Nb5 O-O-O 10. O-O Nge7 11. c3 a6 12. b4 axb5
13. bxc5 dxc5 14. Qb3 Rxd3 15. Rb1 b4 16. Bd2 Qg6 17. Qa4 Rxf3 18. Rfe1 Rd3 19.
Red1 Rhd8 20. cxb4 Nxb4 21. Qa8# 1-0

[Event "DEM U10w 2022"]
[Site "Willingen GER"]
[Date "2022.06.10"]
[Round "9"]
[White "Beimler, Annemarie"]
[Black "Rutschmann, Polly"]
[Result "1-0"]
[Termination "normal"]
[Board "15"]
[WhiteElo "954"]
[BlackElo "903"]
[PlyCount "63"]
[BlackFideId "34621261"]
[EventCountry "GER"]
[EventRounds "11"]
[EventType "swiss"]
[EventDate "2022.06.04"]

{[%evp 0,63,24,33,15,15,57,15,11,23,23,10,7,20,23,28,25,6,14,-4,20,17,29,-10,
-16,-22,21,31,25,-19,2,-2,45,30,419,441,458,467,448,457,448,453,453,461,460,
412,425,-86,150,150,81,81,284,264,311,291,488,508,521,618,839,624,29997,29998,
29999,-30000]} 1. e4 e5 2. Bc4 Bc5 3. Nc3 Nf6 4. Nf3 d6 5. d3 h6 6. Be3 Bxe3 7.
fxe3 Nc6 8. d4 Bg4 9. d5 Nb4 10. a3 Na6 11. O-O Nc5 12. Bd3 Qd7 13. b4 Nxd3 14.
Qxd3 O-O-O 15. a4 Bxf3 16. Rxf3 g5 17. Rxf6 h5 18. a5 h4 19. a6 b6 20. Nb5 Kb8
21. c4 h3 22. c5 hxg2 23. Kxg2 Qh3+ 24. Kf2 Qxh2+ 25. Ke1 Qh1+ 26. Rf1 Qh4+ 27.
Kd2 g4 28. Rxf7 Qh2+ 29. Qe2 g3 30. Rxc7 g2 31. Rb7+ Kc8 32. Nxa7# 1-0

[Event "DEM U10w 2022"]
[Site "Willingen GER"]
[Date "2022.06.10"]
[Round "9"]
[White "Lola, Georgia-Maria"]
[Black "Krannich, Eva"]
[Result "1/2-1/2"]
[Termination "normal"]
[Board "16"]
[WhiteElo "1016"]
[BlackElo "845"]
[PlyCount "47"]
[WhiteFideId "34629335"]
[BlackFideId "34639713"]
[EventCountry "GER"]
[EventRounds "11"]
[EventType "swiss"]
[EventDate "2022.06.04"]

{[%evp 0,47,33,15,42,27,27,36,32,11,29,27,57,38,52,47,44,25,28,21,33,49,90,56,
99,67,68,23,94,89,95,65,63,64,106,86,114,122,118,35,75,79,75,81,125,123,144,
111,119,129]} 1. e4 e6 2. d4 d5 3. exd5 exd5 4. Nf3 Bd6 5. Bd3 Bg4 6. O-O Nc6
7. c3 Nge7 8. Nbd2 Qd7 9. Re1 O-O-O 10. b4 h5 11. a4 Rdg8 12. a5 Bf5 13. Bc2 g5
14. b5 Nb8 15. Ba4 Qd8 16. Ne5 Be6 17. Ba3 g4 18. a6 b6 19. Nf1 Nf5 20. Bc2
Bxa3 21. Rxa3 Qf8 22. Rb3 h4 23. Nxg4 Qg7 24. h3 1/2-1/2

[Event "DEM U10w 2022"]
[Site "Willingen GER"]
[Date "2022.06.10"]
[Round "9"]
[White "Jiang, Lucia"]
[Black "Subocz, Barbara"]
[Result "1-0"]
[Termination "normal"]
[Board "17"]
[WhiteElo "919"]
[BlackElo "902"]
[PlyCount "95"]
[BlackFideId "41805658"]
[EventCountry "GER"]
[EventRounds "11"]
[EventType "swiss"]
[EventDate "2022.06.04"]

{[%evp 0,73,19,15,15,15,15,15,23,10,7,5,16,5,-9,0,-6,-38,-29,-26,-31,-20,18,
-33,0,-19,41,13,5,0,89,-58,30,13,51,58,243,-5,9,4,98,103,126,13,71,101,246,247,
261,268,273,213,278,240,395,399,512,517,570,570,635,589,634,659,655,0,0,0,0,0,
0,0,29997,-147,-157,-131]} 1. e4 e5 2. Nf3 Nc6 3. Bc4 Bc5 4. Nc3 Nf6 5. d3 d6
6. h3 O-O 7. Bg5 h6 8. Bh4 Be6 9. Bb3 Qe7 10. O-O a5 11. Qe2 Bxb3 12. axb3 Qe6
13. Nb5 Rac8 14. Rfd1 b6 15. Rd2 Nd4 16. Nbxd4 exd4 17. Ra4 Bb4 18. Rd1 c5 19.
Rc1 d5 20. Bxf6 gxf6 21. c3 dxc3 22. bxc3 Bxc3 23. Rxc3 Kh7 24. Rc2 Rg8 25. Kf1
f5 26. exd5 Qg6 27. Nh4 Qg5 28. Qf3 b5 29. Rf4 Rce8 30. Rxc5 Qe7 31. Rc1 Qa3
32. Re1 Rxe1+ 33. Kxe1 Qc1+ 34. Ke2 Re8+ 35. Re4 fxe4 36. Qf5+ Kg8 37. dxe4
Qc2+ 38. Kf3 Qxb3+ 39. Kg4 Qd1+ 40. Kg3 Qd3+ 41. f3 Qc3 42. Qg4+ Kf8 43. Qf4
Qe5 44. Ng6+ Kg7 45. Nxe5 a4 46. Ng4 a3 47. Qxh6+ Kg8 48. Nf6# 1-0

[Event "DEM U10w 2022"]
[Site "Willingen GER"]
[Date "2022.06.10"]
[Round "9"]
[White "Reetz, Shaila"]
[Black "Margaryan, Mari"]
[Result "0-1"]
[Termination "normal"]
[Board "19"]
[WhiteElo "1112"]
[BlackElo "792"]
[PlyCount "46"]
[WhiteFideId "34630317"]
[BlackFideId "16279700"]
[EventCountry "GER"]
[EventRounds "11"]
[EventType "swiss"]
[EventDate "2022.06.04"]

{[%evp 0,46,34,15,41,35,45,35,11,13,24,19,31,23,42,27,49,-24,47,-51,3,-18,-20,
-48,9,-47,4,-75,-3,-74,1,-43,-15,-124,8,-125,39,-156,-166,-371,-422,-422,-422,
-818,-818,-29997,-29998,-29999,-30000]} 1. e4 e6 2. Nc3 d5 3. exd5 exd5 4. d4
Nf6 5. Bd3 Bd6 6. Nf3 Nc6 7. O-O Be6 8. Qe1 Qd7 9. Ng5 O-O-O 10. Be3 h6 11. Nf3
Rdg8 12. a4 g5 13. Nd2 h5 14. Qc1 g4 15. g3 h4 16. Ne2 hxg3 17. Nxg3 Bxg3 18.
hxg3 Bf5 19. f3 Bxd3 20. cxd3 gxf3 21. Rxf3 Qh3 22. Qc5 Qh1+ 23. Kf2 Rh2# 0-1